| 000 | 00454nam a2200145 4500 | ||
|---|---|---|---|
| 003 | LK-CoMWRAF | ||
| 005 | 20240131215201.0 | ||
| 008 | 240131b |||||||| |||| 00| 0 eng d | ||
| 040 |
_aLK-CoMWRAF _dLK-CoMWRAF _eLK-CoMWRAF |
||
| 041 | _aeng | ||
| 245 | _aRegister of lands of Muslims forcibly displaced by the LTTE in October 1990 from the Northern Province Sri Lanka | ||
| 260 |
_bFoundation for existence, _c2004 |
||
| 490 | _vVolume : IV | ||
| 942 | _cBK | ||
| 999 |
_c4705 _d4705 |
||